Παραμύθια και ιστοριούλες : (στους παιδικούς σταθμούς και στα νηπιαγωγεία)

Αποθηκεύτηκε σε:
Λεπτομέρειες βιβλιογραφικής εγγραφής
Κύριος συγγραφέας: Βασδέκης, Γιώργος Α. (Διασκευαστής, Μεταφραστής)
Μορφή: Βιβλίο
Γλώσσα:Greek
Δημοσίευση: Αθήνα : Δίπτυχο, 1988.
Σειρά:Βιβλιοθήκη προσχολικής αγωγής ; v.5
Θέματα:
Ετικέτες: Προσθήκη ετικέτας
Δεν υπάρχουν, Καταχωρήστε ετικέτα πρώτοι!

MARC

LEADER 00000cam a2200000 a 4500
001 1/122068
008 200914s1988####gr | ||| |||| ||gre||
035 |a 1989  |b 2  |c Δωρεά  |l 10036623 
040 |a GR-MyUa  |b gre  |c GR-MyUa  |e AACR2 
041 0 |a gre 
082 7 |a 372.642044   |2 (23) 
245 0 0 |a Παραμύθια και ιστοριούλες :   |b (στους παιδικούς σταθμούς και στα νηπιαγωγεία) /   |c επιλογή-μετάφραση-διασκευή: Γιώργου Α. Βασδέκη.  
260 |a Αθήνα :   |b Δίπτυχο,   |c 1988.  
300 |a 246 :   |b εικ. ;   |c 21 εκ.  
490 1 |a (Βιβλιοθήκη Προσχολικής Αγωγής ;   |v vol.5)  
500 |a Ψυχοκινητικά παιγνίδια, ρυθμική, ποιήματα, γιορτές και σκετσάκια, παραμύθια και ιστοριούλες στα νηπιαγωγεία και στους παιδικούς σταθμούς.  
504 |a Βιβλιογραφία : σ. [247].  
650 0 |a Children's stories. 
650 0 |a Fairy tales  |z Greece. 
650 0 |a Education, Preschool  |z Greece. 
650 0 0 |a Storytelling. 
700 1 |a Βασδέκης, Γιώργος Α.  |e trl  |e adp 
830 0 |a Βιβλιοθήκη προσχολικής αγωγής ;  |v  v.5 
852 |a INST  |b RHODES  |e 19931012  |h 372.642044 ΠΑΡ  |p 005400003548  |q 005400003548  |t BK  |y 0 
852 |a INST  |b RHODES  |e 20200914  |h 372.642044 ΠΑΡ  |p 005400041709  |q 005400041709  |t BK  |y 0 
909 |a Ρ  |b 014710 
920 |a Δωρεά βιβλιοθήκης  |y Ρόδος  |z 2020-09 
970 |a Μαρία  |b Κωτάκου  |z 14-09-2020